| 000 -LEADER |
| fixed length control field |
01985cam a22004098i 4500 |
| 001 - CONTROL NUMBER |
| control field |
19877100 |
| 005 - DATE AND TIME OF LATEST TRANSACTION |
| control field |
20230307164853.0 |
| 008 - FIXED-LENGTH DATA ELEMENTS--GENERAL INFORMATION |
| fixed length control field |
170809s20172017nyu 001 0 eng c |
| 010 ## - LIBRARY OF CONGRESS CONTROL NUMBER |
| LC control number |
2017036709 |
| 020 ## - INTERNATIONAL STANDARD BOOK NUMBER |
| International Standard Book Number |
9781942303190 (pbk.) |
| 040 ## - CATALOGING SOURCE |
| Original cataloging agency |
NNFr/DLC |
| Language of cataloging |
eng |
| Description conventions |
rda |
| Transcribing agency |
NNFr |
| 042 ## - AUTHENTICATION CODE |
| Authentication code |
pcc |
| 050 00 - LIBRARY OF CONGRESS CALL NUMBER |
| Classification number |
NK1520 |
| Item number |
.L867 2017 |
| 082 00 - DEWEY DECIMAL CLASSIFICATION NUMBER |
| Classification number |
745.4 |
| Edition number |
23 |
| 100 1# - MAIN ENTRY--PERSONAL NAME |
| Personal name |
Lupton, Ellen, |
| Relator term |
author. |
| 245 10 - TITLE STATEMENT |
| Title |
Design is storytelling / |
| Statement of responsibility, etc. |
Ellen Lupton. |
| 263 ## - PROJECTED PUBLICATION DATE |
| Projected publication date |
1711 |
| 264 #1 - PRODUCTION, PUBLICATION, DISTRIBUTION, MANUFACTURE, AND COPYRIGHT NOTICE |
| Place of production, publication, distribution, manufacture |
New York, NY : |
| Name of producer, publisher, distributor, manufacturer |
Cooper Hewitt, Smithsonian Design Museum, |
| Date of production, publication, distribution, manufacture, or copyright notice |
[2017] |
| 264 #4 - PRODUCTION, PUBLICATION, DISTRIBUTION, MANUFACTURE, AND COPYRIGHT NOTICE |
| Date of production, publication, distribution, manufacture, or copyright notice |
©2017 |
| 300 ## - PHYSICAL DESCRIPTION |
| Extent |
pages cm |
| 336 ## - CONTENT TYPE |
| Content type term |
text |
| Source |
rdacontent |
| 337 ## - MEDIA TYPE |
| Media type term |
unmediated |
| Source |
rdamedia |
| 338 ## - CARRIER TYPE |
| Carrier type term |
volume |
| Source |
rdacarrier |
| 500 ## - GENERAL NOTE |
| General note |
Includes index. |
| 500 ## - GENERAL NOTE |
| General note |
"This book explores connections between storytelling and design. It examines the psychology of visual communication from a narrative point of view."--Publisher's description. |
| 505 0# - FORMATTED CONTENTS NOTE |
| Formatted contents note |
Overture -- From the director -- Acknowledgments -- Inciting incidents -- Act 1. Action -- Narrative arc -- Hero's journey -- Labyrinth -- Rule of threes -- Scenario planning -- Design fiction -- Act 2. Emotion -- Experience economy -- Emotional journey -- Color and emotion -- Empathy -- Persona -- Product personality -- Act 3. Sensation -- The gaze -- Gestalt grouping -- Just-in-time representation -- Affordances -- Behavioral economics -- Multisensory design -- Aftermath -- Writing tips -- Storytelling checklist -- Index. |
| 650 #0 - SUBJECT ADDED ENTRY--TOPICAL TERM |
| Topical term or geographic name entry element |
Design |
| General subdivision |
Human factors. |
| 650 #0 - SUBJECT ADDED ENTRY--TOPICAL TERM |
| Topical term or geographic name entry element |
Design |
| General subdivision |
Psychological aspects. |
| 650 #0 - SUBJECT ADDED ENTRY--TOPICAL TERM |
| Topical term or geographic name entry element |
Storytelling in art. |
| 650 #0 - SUBJECT ADDED ENTRY--TOPICAL TERM |
| Topical term or geographic name entry element |
Visual communication |
| General subdivision |
Psychological aspects. |
| 650 #0 - SUBJECT ADDED ENTRY--TOPICAL TERM |
| Topical term or geographic name entry element |
Creative thinking. |
| 906 ## - LOCAL DATA ELEMENT F, LDF (RLIN) |
| a |
7 |
| b |
cbc |
| c |
orignew |
| d |
1 |
| e |
ecip |
| f |
20 |
| g |
y-gencatlg |
| 925 0# - |
| -- |
acquire |
| -- |
1 shelf copy |
| -- |
policy default |
| 955 ## - COPY-LEVEL INFORMATION (RLIN) |
| -- |
rk11 2017-08-11 to Dewey |
| -- |
xm09 2017-08-11 |
| 963 ## - |
| -- |
Pamela Horn; phone: 212-849-8361; email: HornP@si.edu; bc: HornP@si.edu |
| 985 ## - |
| -- |
NNFrCIP |
| -- |
2017-08-09 |